| 000 | 00826nam a2200277 a 4500 | ||
|---|---|---|---|
| 003 | AR-BaBNM | ||
| 005 | 20251128205430.0 | ||
| 008 | 082120s2002 ||||||||||||||000 | spa|| | ||
| 020 | _a950-05-0852-4 | ||
| 040 | _cAR-BaBNM | ||
| 100 | 1 | _aAcuña, Marcelo Luis | |
| 245 | 0 | 0 |
_aAlfonsín y el poder económico _bel fracaso de la concertación y los pactos corpoativos entre 1983 y 1989 |
| 260 |
_aBuenos Aires _bEdiciones Corregidor _c1995 |
||
| 300 | _a429 p. | ||
| 504 | _aBibliografía consultada p. 413-422 | ||
| 600 | 1 | 4 |
_aAlfonsín, Raúl Ricardo _d1983-1989 |
| 650 | 4 | _aHISTORIA POLITICA | |
| 650 | 4 | _aHISTORIA ECONOMICA | |
| 650 | 4 | _aHISTORIA FINANCIERA | |
| 650 | 4 | _aPRESIDENCIAS ARGENTINAS | |
| 650 | 4 | _aSINDICALISMO | |
| 650 | 4 | _aLIBERALISMO | |
| 650 | 4 | _aREFORMA | |
| 942 | _cBK | ||
| 998 | _cmariana | ||
| 999 |
_c11392 _d11392 |
||